[Event "AUTO-INT-1297"]
[Site "http://www.queenalice.com/game.php?id=584309"]
[Date "2009.5.7"]
[Round "1"]
[White "loulou429"]
[Black "PHOENIXNEGRA"]
[Result "0-1"]
[WhiteElo "1610"]
[BlackElo "1760"]

1. e4 e5 2. Nf3 d6 3. Bc4 Be7 4. O-O Bg4 5. h3 Bh5 6. g4 Bg6 7. d3 a6 8. Nc3 Nf6
9. Ng5 b5 10. Bd5 c6 11. Bb3 Nbd7 12. h4 h6 13. h5 hxg5 14. hxg6 fxg6 15. Bxg5
Nc5 16. f3 Nxb3 17. cxb3 Qb6+ 18. Kg2 O-O-O 19. Ne2 Rh7 20. Rc1 Rdh8 21. d4 Rh2+
22. Kg1 Rh1+ 23. Kf2 R8h2+ 24. Ke3 Rxf1 25. Qxf1 Nxg4+ 26. Kd3 Bxg5 27. Re1 Nf6
28. Qg1 Rxe2 29. Rxe2 Qxd4+ 30. Qxd4 exd4 31. Rg2 Bh6 32. Re2 Nd7 33. Kxd4 Ne5
34. Rf2 Kd7 35. Rh2 Nxf3+ 0-1

[Event "Challenge"]
[Site "http://www.queenalice.com/game.php?id=593638"]
[Date "2009.5.25"]
[Round "-"]
[White "Gaelle"]
[Black "PHOENIXNEGRA"]
[Result "0-1"]
[WhiteElo "1511"]
[BlackElo "1736"]

1. e4 e5 2. Qf3 d6 3. Bc4 Qf6 4. Nc3 Be6 5. b3 Bxc4 6. bxc4 Ne7 7. Nd5 Qxf3 8.
Nxf3 Nxd5 9. d3 Nb4 10. Rb1 Nxc2+ 11. Kd1 Nd4 12. Rxb7 Nxf3 13. gxf3 c5 14. Rg1
Nc6 15. Rg4 Rb8 16. Rc7 Rb6 17. f4 g6 18. f5 Be7 19. f6 Bxf6 20. Rc8+ Kd7 21.
Rxh8 Bxh8 22. Rh4 h5 23. Rh3 Rb1 24. Rf3 Ke6 25. Kc2 Nd4+ 26. Kxb1 Nxf3 27. h3
Ne1 28. a4 Nxd3 29. Ba3 Nxf2 30. h4 Bf6 31. Bc1 Nxe4 32. a5 Bxh4 33. Kb2 Bf2 34.
Kb3 h4 35. Ka4 a6 36. Kb3 h3 37. Kc2 h2 38. Kd3 Bd4 39. Kxe4 h1=Q+ 0-1

[Event "Challenge"]
[Site "http://www.queenalice.com/game.php?id=604680"]
[Date "2009.6.16"]
[Round "-"]
[White "talisman77"]
[Black "PHOENIXNEGRA"]
[Result "1/2-1/2"]
[WhiteElo "1810"]
[BlackElo "1778"]

1. d4 d5 2. c4 e6 3. Nc3 Nf6 4. Nf3 Nc6 5. e3 Be7 6. Be2 O-O 7. O-O Re8 8. c5 b6
9. Bb5 Bd7 10. a3 bxc5 11. Qa4 Nb8 12. Ne5 c6 13. Nxc6 Bxc6 14. Bxc6 Nxc6 15.
Qxc6 Qb6 16. Qxb6 axb6 17. dxc5 bxc5 18. Nb5 Rec8 19. Rd1 Ne4 20. Bd2 Bf6 21.
Bc3 Bxc3 22. Nxc3 Nxc3 23. bxc3 1/2-1/2

[Event "Challenge"]
[Site "http://www.queenalice.com/game.php?id=620899"]
[Date "2009.7.18"]
[Round "-"]
[White "paloberto"]
[Black "PHOENIXNEGRA"]
[Result "0-1"]
[WhiteElo "1839"]
[BlackElo "1746"]

1. c4 e5 2. Nf3 Nc6 3. Nc3 Nf6 4. d4 e4 5. Ng5 d6 6. Ngxe4 Nxe4 7. Nxe4 Bf5 8.
f3 Bxe4 9. fxe4 Qf6 10. e3 Be7 11. Be2 O-O 12. Bf3 Nd8 13. O-O Ne6 14. Bg4 Qg6
15. Qd3 Qxg4 16. d5 Nc5 17. Qd4 Qxe4 18. Rf4 Qxd4 19. Rxd4 Bf6 20. Rg4 Nd3 21.
Rb1 Rfe8 22. Bd2 Nxb2 23. Rf1 Be5 24. Rf2 Nd3 25. Rf5 Bb2 26. e4 Ne5 27. Rg3
Nxc4 28. Bh6 Rxe4 29. Rxg7+ Bxg7 30. Rg5 Kf8 31. Bxg7+ Ke7 32. Bh6 Re2 33. a4 a5
34. Rg4 Nb6 35. Kf1 Re5 36. Rd4 Nxd5 37. Bd2 b6 38. Kf2 Re8 0-1

[Event "AUTO-ADV-1470"]
[Site "http://www.queenalice.com/game.php?id=651055"]
[Date "2009.9.12"]
[Round "1"]
[White "PHOENIXNEGRA"]
[Black "frank_lasker"]
[Result "1-0"]
[WhiteElo "1767"]
[BlackElo "1846"]

1. e4 e5 2. Nf3 Nf6 3. d3 Nc6 4. Nc3 Bc5 5. h3 d6 6. Na4 O-O 7. Nxc5 dxc5 8. Be3
b6 9. Be2 Qe7 10. O-O Ba6 11. c4 Rad8 12. Qa4 Bb7 13. Qa3 Nb4 14. Qc3 Nc6 15.
Rfd1 a6 16. a3 h6 17. Rab1 b5 18. cxb5 axb5 19. Bxc5 Qe6 20. Bxf8 Rxf8 21. b4
Nh5 22. d4 exd4 23. Nxd4 Qxe4 24. Nxc6 Bxc6 25. Bf3 Nf4 26. Bxe4 Ne2+ 27. Kf1
Nxc3 28. Bxc6 Nxb1 29. Rxb1 Rb8 30. Rd1 Rb6 31. Be4 g6 32. Rd7 Re6 33. Bd5 Rf6
34. Rxc7 Rf5 35. Rc5 Kf8 36. Rxb5 Ke7 37. Rc5 Kd6 38. Be4 Rxc5 39. bxc5+ Kxc5
40. a4 Kb4 41. Bc6 Ka5 42. Ke2 Kb6 43. Be8 f5 44. Bxg6 Ka5 45. Be8 Kb4 46. Ke3
1-0

[Event "AUTO-ADV-1470"]
[Site "http://www.queenalice.com/game.php?id=651056"]
[Date "2009.9.12"]
[Round "1"]
[White "frank_lasker"]
[Black "PHOENIXNEGRA"]
[Result "0-1"]
[WhiteElo "1846"]
[BlackElo "1743"]

1. f4 d5 2. e3 Nf6 3. b3 e6 4. Bb2 Be7 5. Nc3 O-O 6. Nce2 Nc6 7. Ng3 a6 8. Nf3
Bd7 9. Bd3 Nb4 10. O-O Nxd3 11. cxd3 Bb5 12. Ne5 Bd6 13. Nh5 Nxh5 14. Qxh5 Bxe5
15. Bxe5 Bxd3 16. Qg4 g6 17. Rf3 Be2 18. h4 Bxf3 19. gxf3 Qe7 20. h5 f6 21. Bd4
Qg7 22. Qxe6+ Qf7 23. Qg4 Kh8 24. Kf2 gxh5 25. Qf5 c6 26. Rh1 Qg6 27. Rxh5 Qxf5
28. Rxf5 Kg7 29. Rg5+ Kh6 30. Rf5 Kg6 31. e4 Rae8 32. d3 h6 33. Kg3 Re6 34. exd5
Kxf5 35. dxe6 Kxe6 36. Kf2 Rg8 37. Ke3 Rg2 38. a3 Kf5 39. Bc5 Rb2 40. b4 Ra2 41.
b5 axb5 0-1

[Event "AUTO-ADV-1470"]
[Site "http://www.queenalice.com/game.php?id=651058"]
[Date "2009.9.12"]
[Round "1"]
[White "salso"]
[Black "PHOENIXNEGRA"]
[Result "0-1"]
[WhiteElo "1796"]
[BlackElo "1807"]

1. e4 e5 2. Nf3 d6 3. d4 exd4 4. Qxd4 a6 5. Nc3 Nc6 6. Qd1 Nf6 7. Bc4 b5 8. Bd5
Nxd5 9. exd5 Ne5 10. Qe2 Qf6 0-1

[Event "AUTO-ADV-1470"]
[Site "http://www.queenalice.com/game.php?id=651059"]
[Date "2009.9.12"]
[Round "1"]
[White "PHOENIXNEGRA"]
[Black "Mars"]
[Result "1-0"]
[WhiteElo "1823"]
[BlackElo "1519"]

1. e4 e5 2. Nf3 d6 3. d4 Nc6 4. d5 Nce7 5. Be2 g6 6. Bg5 Bg7 7. Qd2 c6 8. O-O
Bf6 9. h3 Bxg5 10. Nxg5 Nh6 11. Nf3 Nhg8 12. Nc3 c5 13. Bb5+ Bd7 14. Qg5 Bxb5
15. Nxb5 a6 16. Nc3 Qb6 17. b3 Qc7 18. a4 Qa5 19. Qe3 Nf6 20. Nd2 O-O 21. Nc4
Qc7 22. Qf3 Nh5 23. Ne2 a5 24. Rad1 Ra6 25. g4 Nf6 26. Qxf6 Qd8 27. Nc3 1-0

[Event "AUTO-ADV-1470"]
[Site "http://www.queenalice.com/game.php?id=651060"]
[Date "2009.9.12"]
[Round "1"]
[White "Mars"]
[Black "PHOENIXNEGRA"]
[Result "0-1"]
[WhiteElo "1519"]
[BlackElo "1827"]

1. d4 d5 2. g3 Bf5 3. Bg2 Nc6 4. Nc3 e6 5. e4 dxe4 6. Nxe4 Qxd4 7. Qxd4 Nxd4 8.
Nc5 Nxc2+ 9. Kf1 Nxa1 10. Nxb7 Nc2 11. Nd6+ cxd6 12. Bxa8 Nf6 13. a3 d5 14. Bc6+
Kd8 15. Bb5 Nd4 16. Ba6 Be4 17. f3 Nxf3 18. Nxf3 Bxf3 19. Rg1 Bc5 20. Bg5 Bxg1
21. Kxg1 Ke7 22. Kf2 Be4 23. b4 h6 24. Bc1 Ng4+ 25. Kg1 Ne5 26. Bb2 Kd6 27. a4
Rg8 28. h4 Rb8 29. Ba3 Kc7 30. a5 Bd3 31. Bxd3 Nxd3 32. Kf1 Nxb4 33. Bxb4 Rxb4
34. Ke2 Ra4 35. Kd3 Ra3+ 36. Ke2 Rxg3 37. Kf2 Rh3 38. Ke2 Rxh4 0-1

[Event "I = TORNEIO DA REPUBLICA =2011"]
[Site "http://www.queenalice.com/game.php?id=935314"]
[Date "2011.5.7"]
[Round "-"]
[White "PHOENIXNEGRA"]
[Black "black13"]
[Result "0-1"]
[WhiteElo "1795"]
[BlackElo "1887"]

1. e4 e5 2. Nf3 d6 3. Bc4 h6 4. Nc3 Nc6 5. O-O Nf6 6. d4 exd4 7. Nxd4 Bd7 8.
Nxc6 Bxc6 9. a3 Be7 10. Qf3 Qd7 11. h3 O-O 12. Bd2 Rfe8 13. Qg3 a6 14. Rad1 Nh5
15. Bxh6 Nxg3 0-1

[Event "I = TORNEIO DA REPUBLICA =2011"]
[Site "http://www.queenalice.com/game.php?id=935450"]
[Date "2011.5.8"]
[Round "-"]
[White "SCORPION77"]
[Black "PHOENIXNEGRA"]
[Result "0-1"]
[WhiteElo "1738"]
[BlackElo "1811"]

1. e4 e5 2. Nf3 Nf6 3. Nxe5 d6 4. Nc4 Nc6 5. d3 Be6 6. Nbd2 Be7 7. Be2 Nd4 8.
O-O O-O 9. Nf3 Bxc4 10. Nxd4 Ba6 11. Nf5 Re8 12. Nxe7+ Rxe7 13. Bg5 Re6 14. Bg4
Re5 0-1

[Event "I = TORNEIO DA REPUBLICA =2011"]
[Site "http://www.queenalice.com/game.php?id=935453"]
[Date "2011.5.8"]
[Round "-"]
[White "black13"]
[Black "PHOENIXNEGRA"]
[Result "1-0"]
[WhiteElo "1874"]
[BlackElo "1808"]

1. e4 e5 2. Nf3 d6 3. d4 exd4 4. Nxd4 Nf6 5. Nc3 Be6 6. Bd3 Be7 7. Nxe6 fxe6 8.
O-O Nc6 9. Re1 O-O 10. Bb5 a6 11. Bxc6 bxc6 12. Be3 Nxe4 13. Nxe4 1-0

[Event "I = TORNEIO DA REPUBLICA =2011"]
[Site "http://www.queenalice.com/game.php?id=935456"]
[Date "2011.5.8"]
[Round "-"]
[White "Aristoteles"]
[Black "PHOENIXNEGRA"]
[Result "0-1"]
[WhiteElo "1705"]
[BlackElo "1799"]

1. d4 d5 2. c4 e6 3. b3 Nf6 4. Nf3 Be7 5. Nc3 O-O 6. e3 Nc6 7. Be2 Bb4 8. Bd2
Bxc3 9. Bxc3 Ne4 10. Bb2 Bd7 11. cxd5 exd5 12. Bd3 Bf5 13. Bxe4 Bxe4 14. O-O Re8
15. Nd2 Qf6 16. Qg4 Nb4 17. Bc3 Qg6 18. Qe2 Qxg2# 0-1

[Event "I = TORNEIO DA REPUBLICA =2011"]
[Site "http://www.queenalice.com/game.php?id=935461"]
[Date "2011.5.8"]
[Round "-"]
[White "PHOENIXNEGRA"]
[Black "Pharaoh"]
[Result "1-0"]
[WhiteElo "1784"]
[BlackElo "1727"]

1. Nf3 d5 2. d4 Nc6 3. c4 e6 4. e3 Nf6 5. Be2 Bd6 6. O-O O-O 7. Nc3 Bd7 8. cxd5
exd5 9. Bd3 Bg4 10. h3 Bxf3 11. Qxf3 Bb4 12. Bd2 Re8 13. Nb1 a6 14. Qf5 Bxd2 15.
Nxd2 Nb4 16. Bb1 Qd7 17. Qxd7 Nxd7 18. Bf5 Nf6 19. a3 Nc6 20. Rac1 h6 21. Nb3
Re7 22. Nc5 Nd8 23. Rc3 b6 24. Nd3 g6 25. Bg4 Nxg4 26. hxg4 Ne6 27. Ne5 c5 28.
dxc5 bxc5 29. Nc6 Rb7 30. b4 cxb4 31. axb4 Rc8 32. Ne7+ Kf8 33. Nxc8 Rc7 34.
Rfc1 Rxc3 35. Rxc3 Ng5 36. Rc6 Kg7 37. Rxa6 Ne6 38. b5 1-0

[Event "I = TORNEIO DA REPUBLICA =2011"]
[Site "http://www.queenalice.com/game.php?id=935462"]
[Date "2011.5.8"]
[Round "-"]
[White "PHOENIXNEGRA"]
[Black "SCORPION77"]
[Result "1-0"]
[WhiteElo "1783"]
[BlackElo "1784"]

1. e4 e5 2. Nf3 Nc6 3. d4 exd4 4. Nxd4 Nxd4 5. Qxd4 Nf6 6. Nc3 Be7 7. e5 c5 8.
Qc4 O-O 9. Bd3 Ne8 10. Qe4 Nc7 11. O-O d6 12. Bf4 h6 13. Qh7# 1-0

[Event "I = TORNEIO DA REPUBLICA =2011"]
[Site "http://www.queenalice.com/game.php?id=935463"]
[Date "2011.5.8"]
[Round "-"]
[White "PHOENIXNEGRA"]
[Black "Aristoteles"]
[Result "0-1"]
[WhiteElo "1798"]
[BlackElo "1728"]

1. e4 e5 2. Nf3 d6 3. Nc3 Nc6 4. d4 exd4 5. Nxd4 Bd7 6. Bc4 Nf6 7. Nxc6 Bxc6 8.
Qf3 Be7 9. Bg5 O-O 10. O-O h6 11. Bf4 g5 12. Qg3 Nh5 13. Be3 Nxg3 14. hxg3 a6
15. Rad1 Bf6 16. Bd4 Bxd4 17. Rxd4 b5 18. Re1 bxc4 19. Rxc4 Bb5 20. Rd4 c5 21.
Rd2 Re8 22. Nd5 Bc6 23. c4 Kg7 24. f3 Qa5 25. Nc3 Qb4 26. Rxd6 Rac8 27. Re2 Qxc4
28. a3 Red8 29. Rdd2 Rxd2 30. Rxd2 Qe6 31. f4 gxf4 32. gxf4 Bxe4 33. Re2 Qc4 34.
Rxe4 Qb3 35. Re2 Rb8 36. Kh2 Qc4 37. Re4 Qb3 38. Re2 Qc4 39. g3 Rb3 40. Re4
Rxb2+ 41. Re2 Qxc3 0-1

[Event "I = TORNEIO DA REPUBLICA =2011"]
[Site "http://www.queenalice.com/game.php?id=935464"]
[Date "2011.5.8"]
[Round "-"]
[White "PHOENIXNEGRA"]
[Black "Aristoteles"]
[Result "0-1"]
[WhiteElo "1803"]
[BlackElo "1726"]

1. d4 d5 2. c4 dxc4 3. e3 Be6 4. Nc3 Nf6 5. Nf3 a6 6. e4 b5 7. d5 Bg4 8. Be2 e6
9. dxe6 Bxe6 10. Qxd8+ Kxd8 11. Bg5 Nd7 12. O-O Be7 13. e5 Nd5 14. Bxe7+ Nxe7
15. Rfd1 c6 16. Nd4 Bd5 17. Bg4 Nxe5 18. Re1 Nxg4 19. Nxd5 cxd5 20. b3 cxb3 21.
axb3 Rc8 22. Rxa6 b4 23. Nc2 Rxc2 24. Ra8+ Rc8 25. Rxc8+ Nxc8 26. Rd1 Ne7 27. h3
Nf6 28. Rd4 Re8 29. Rxb4 Nc6 30. Rb7 Re7 0-1

[Event "I = TORNEIO DA REPUBLICA =2011"]
[Site "http://www.queenalice.com/game.php?id=935469"]
[Date "2011.5.8"]
[Round "-"]
[White "Pharaoh"]
[Black "PHOENIXNEGRA"]
[Result "1-0"]
[WhiteElo "1689"]
[BlackElo "1824"]

1. d4 d5 2. c4 e6 3. e3 Nf6 4. b3 Nc6 5. Nc3 Bd7 6. cxd5 exd5 7. Nf3 Be7 8. Bd3
O-O 9. O-O Bg4 10. h3 Bxf3 11. Qxf3 Nb4 12. Bf5 Re8 13. Qg3 Nc2 14. Bxc2 Bd6 15.
Qf3 Qe7 16. Re1 a6 17. a4 Bb4 18. Bd2 Rad8 19. Qf5 Bd6 20. Nxd5 Nxd5 21. Qxh7+
Kf8 22. Qh8# 1-0